000
00293nam a2200109 a 4500
005
20200930075733.0
008
120118s1975 000 spa d
020
_a
0538195703
245
0
_a
Advertising : planning, implementation, and control.
260
_a
Cincinnati,
_c
1975.
999
_c
35940
_d
35940
040
_a
DO-SdBNP